The noble scholar, jurist, historian


 His Excellency Dr. Abdul Wahhab bin Ibrahim Abu Sulaiman, may Allah have mercy on him.


 He was born in Umm Al-Qura in the year 1356 AH.

بلاد الحجاز في العصر الأيوبي 567-648 هـ / 1171-1250 م / (Record no. 10120)

MARC details
000 -LEADER
fixed length control field 01548cam a2200337 i 4500
003 - CONTROL NUMBER IDENTIFIER
control field SA-RiAUC
005 - DATE AND TIME OF LATEST TRANSACTION
control field 20250720061629.0
008 - FIXED-LENGTH DATA ELEMENTS--GENERAL INFORMATION
fixed length control field 250719s1980 su g 000 0 ara c
040 ## - CATALOGING SOURCE
Original cataloging agency SA-RiKSU
Language of cataloging ara
Transcribing agency SA-RiAUC
Description conventions rda
043 ## - GEOGRAPHIC AREA CODE
Geographic area code a-su---
082 04 - DEWEY DECIMAL CLASSIFICATION NUMBER
Classification number 953.07393
Assigning agency SA-RiAUC
090 ## - LOCALLY ASSIGNED LC-TYPE CALL NUMBER (OCLC); LOCAL CALL NUMBER (RLIN)
Classification number (OCLC) (R) ; Classification number, CALL (RLIN) (NR) 953.07393
Local cutter number (OCLC) ; Book number/undivided call number, CALL (RLIN) ب ا ق
100 1# - MAIN ENTRY--PERSONAL NAME
Personal name باقاسي، عائشة عبد الله عمر
Relator term مؤلف.
245 10 - TITLE STATEMENT
Title بلاد الحجاز في العصر الأيوبي 567-648 هـ / 1171-1250 م /
Statement of responsibility, etc. عائشة عبد الله باقاسي.
250 ## - EDITION STATEMENT
Edition statement الطبعة الأولى.
264 #1 - PRODUCTION, PUBLICATION, DISTRIBUTION, MANUFACTURE, AND COPYRIGHT NOTICE
Place of production, publication, distribution, manufacture مكة المكرمة :
Name of producer, publisher, distributor, manufacturer دار مكة للطباعة والنشر والتوزيع،
Date of production, publication, distribution, manufacture, or copyright notice 1980
300 ## - PHYSICAL DESCRIPTION
Extent 138 صفحة ؛
Dimensions 24 سم.
336 ## - CONTENT TYPE
Content type term نص
Content type code txt
Source rdacontent
Materials specified كتاب
337 ## - MEDIA TYPE
Media type term بدون وسيط
Media type code n
Source rdamedia
338 ## - CARRIER TYPE
Carrier type term مجلد
Carrier type code nc
Source rdacarrier
490 0# - SERIES STATEMENT
Series statement منشورات نادى مكة الأدبي الثقافى
504 ## - BIBLIOGRAPHY, ETC. NOTE
Bibliography, etc. note ببليوجرافية : صفحة 123-134.
651 #7 - SUBJECT ADDED ENTRY--GEOGRAPHIC NAME
Geographic name الحجاز (السعودية)
General subdivision تاريخ
Source of heading or term aucsh
651 #7 - SUBJECT ADDED ENTRY--GEOGRAPHIC NAME
Geographic name السعودية
General subdivision تاريخ
Source of heading or term aucsh
651 #7 - SUBJECT ADDED ENTRY--GEOGRAPHIC NAME
Geographic name الحجاز (السعودية)
General subdivision تاريخ
Chronological subdivision العصر الأيوبي، 567-648 هجري.
Source of heading or term aucsh
651 #7 - SUBJECT ADDED ENTRY--GEOGRAPHIC NAME
Geographic name شبه الجزيرة العربية
General subdivision تاريخ
Chronological subdivision عصر صدر الإسلام، 610-661
Source of heading or term aucsh
651 #7 - SUBJECT ADDED ENTRY--GEOGRAPHIC NAME
Geographic name شبه الجزيرة العربية
General subdivision تاريخ
Chronological subdivision العصر الأيوبي، 1171-1250
Source of heading or term aucsh
942 ## - ADDED ENTRY ELEMENTS (KOHA)
Source of classification or shelving scheme Dewey Decimal Classification
Koha item type Books
Suppress in OPAC No
949 ## - LOCAL PROCESSING INFORMATION (OCLC)
a SA-JeALM
d 250719
u mohamedma123
n 1
Holdings
Withdrawn status Lost status Source of classification or shelving scheme Damaged status Not for loan Home library Current library Date acquired Total checkouts Full call number Barcode Date last seen Price effective from Koha item type
    Dewey Decimal Classification     DR AbdElwahab Library DR AbdElwahab Library 07/20/2025   953.07393 ب ا ق 000016416 07/20/2025 07/20/2025 Books